[Event "Kiel op-A 29th"]
[Site "Kiel"]
[Date "2016.08.03"]
[Round "7"]
[White "Tobianski, Fabian"]
[Black "Karlisch, Moritz"]
[Result "0-1"]
[WhiteElo "1920"]
[BlackElo "1823"]
[PlyCount "50"]
[EventDate "2016.07.30"]
[EventType "swiss"]
[EventRounds "9"]
[EventCountry "GER"]
[SourceTitle "CBM 173 Extra"]
[Source "ChessBase"]
[SourceDate "2016.08.29"]
[SourceVersion "1"]
[SourceVersionDate "2016.08.29"]
[SourceQuality "1"]

1. c4 Nf6 2. g3 e6 3. Nf3 d5 4. Bg2 Be7 5. 0-0 0-0 6. b3 b6 7. d3 Bb7 8. Nbd2 c5 9. e3 Nbd7 10. Bb2 Qc7 11. Qe2 Rac8 12. e4 dxe4 13. dxe4 e5 14. Nh4 Rfe8 15. Nf5 Nb8 16. Rad1 Nc6 17. f4 Nd4 18. Nxd4 cxd4 19. fxe5 Bc5 20. Qd3 Ng4 21. Bxd4 Rcd8 22. Nf3 Nxe5 23. Qc3 Nxf3+ 24. Rxf3 Rxd4 25. Rxd4 Qe5 0-1

[Event "Kiel op-A 29th"]
[Site "Kiel"]
[Date "2016.07.30"]
[Round "1"]
[White "Tobianski, Fabian"]
[Black "Johansson, Thomas1"]
[Result "1/2-1/2"]
[WhiteElo "1920"]
[BlackElo "2222"]
[PlyCount "115"]
[EventDate "2016.07.30"]
[EventType "swiss"]
[EventRounds "9"]
[EventCountry "GER"]
[SourceTitle "CBM 173 Extra"]
[Source "ChessBase"]
[SourceDate "2016.08.29"]
[SourceVersion "1"]
[SourceVersionDate "2016.08.29"]
[SourceQuality "1"]

1. c4 e5 2. g3 Nf6 3. Bg2 Nc6 4. Nc3 Bc5 5. a3 a6 6. e3 d6 7. Nge2 0-0 8. 0-0 Ba7 9. d4 exd4 10. exd4 Bf5 11. h3 h6 12. g4 Bd7 13. g5 Nh5 14. h4 Bg4 15. Qd3 g6 16. Be3 Re8 17. b4 Bf5 18. Qd2 hxg5 19. Bxg5 f6 20. Be3 Qd7 21. Nd5 Be4 22. Nef4 Bxg2 23. Nxg2 Ne7 24. Ndf4 Nxf4 25. Nxf4 Qg4+ 26. Ng2 Nf5 27. f3 Qh3 28. c5 Nxh4 29. Nxh4 Qxh4 30. Rf2 Qh5 31. Raf1 Qf5 32. Rh2 Re7 33. Kf2 Rh7 34. Rxh7 Kxh7 35. Rh1+ Kg7 36. Bf4 g5 37. Qe2 Kf7 38. cxd6 Bxd4+ 39. Kg2 Kg6 40. d7 Be5 41. Bxe5 fxe5 42. Qc4 e4 43. Qxe4 Qxe4 44. fxe4 Rd8 45. Rd1 Kf6 46. Kf3 Ke6 47. Kg4 Rxd7 48. Rxd7 Kxd7 49. Kxg5 Ke6 50. Kf4 b6 51. e5 c5 52. bxc5 bxc5 53. Ke4 a5 54. a4 c4 55. Kd4 c3 56. Kxc3 Kxe5 57. Kc4 Kd6 58. Kb5 1/2-1/2

[Event "GER-ch U25 op-A"]
[Site "Oberhof"]
[Date "2012.05.27"]
[Round "1"]
[White "Tobianski, Fabian"]
[Black "Humburg, Philipp"]
[Result "0-1"]
[WhiteElo "1628"]
[BlackElo "1886"]
[PlyCount "60"]
[EventDate "2012.05.27"]
[EventType "swiss"]
[EventRounds "9"]
[EventCountry "GER"]
[SourceTitle "CBM 148 Extra"]
[Source "ChessBase"]
[SourceDate "2012.06.22"]
[SourceVersion "1"]
[SourceVersionDate "2012.06.22"]
[SourceQuality "1"]

1. c4 Nf6 2. g3 g6 3. Bg2 Bg7 4. Nc3 0-0 5. d3 d6 6. e4 c5 7. Nge2 Nc6 8. 0-0 Ne8 9. h3 Nc7 10. f4 Ne6 11. f5 Ned4 12. g4 e6 13. Ng3 Rb8 14. Be3 Re8 15. Qd2 b5 16. Bh6 Bh8 17. fxg6 hxg6 18. g5 Ne5 19. cxb5 Nxb5 20. Rf4 Ba6 21. Nxb5 Rxb5 22. Rb1 Qa5 23. Qd1 Reb8 24. Nh5 Rxb2 25. Rxb2 Rxb2 26. Nf6+ Bxf6 27. gxf6 Qxa2 28. Bf1 Rb1 29. Bg7 Rxd1 30. Rh4 Nf3+ 0-1

[Event "GER-ch U25 op-A"]
[Site "Oberhof"]
[Date "2012.05.27"]
[Round "2"]
[White "Torzinski, Nils"]
[Black "Tobianski, Fabian"]
[Result "1-0"]
[WhiteElo "1814"]
[BlackElo "1628"]
[PlyCount "59"]
[EventDate "2012.05.27"]
[EventType "swiss"]
[EventRounds "9"]
[EventCountry "GER"]
[SourceTitle "CBM 148 Extra"]
[Source "ChessBase"]
[SourceDate "2012.06.22"]
[SourceVersion "1"]
[SourceVersionDate "2012.06.22"]
[SourceQuality "1"]

1. e4 e6 2. d4 d5 3. exd5 exd5 4. Bd3 Bd6 5. Ne2 Ne7 6. 0-0 0-0 7. c3 c5 8. Re1 Nbc6 9. Nd2 Qc7 10. Nf1 Bf5 11. Bg5 Bxd3 12. Qxd3 c4 13. Qf3 Rad8 14. Qg4 Qd7 15. Qf3 b5 16. Ne3 a5 17. Bf4 Bxf4 18. Nxf4 b4 19. a3 b3 20. Re2 Na7 21. Rae1 Rfe8 22. h3 h6 23. Nexd5 Nxd5 24. Rxe8+ Rxe8 25. Rxe8+ Qxe8 26. Nxd5 Qe1+ 27. Kh2 Qe6 28. Ne3 Qc6 29. Qxc6 Nxc6 30. Nxc4 1-0